00374nam a2200145Ia 4500082001200000100002200012245004000034260003100074300000800105504002600113650003600139650001900175650001500194710001900209 aTD.0314 aDash, Dipak Kumar 0aNAM: a study of its role since 1992 c2011bRavenshaw University a293 aincludes bibliography aNon-Alignment MovementvHistory aWorld politics aNeutrality aDas, Mandakini